000 01623nam a2200361 c 4500
003 BLK
005 20180422104909.0
008 180408b bul|||||r ||||||| ||bul||
010 _aKNG00098990000
040 _aBLK
041 _aBUL
_cBUL
080 _aОбекти на художествено изображение
_b75.04
_x(497.2)(092)
_z75.04(497.2)(092)
080 _aСтоян Венев Илиев. Български живописец и карикатурист(1904-1989)
_b929 Венев, Стоян
_x
_z929 Венев, Стоян
700 1 _aКоларски, Величко
_eсъстав.
_9305803
700 1 _aВенев, Стоян
_e*
_gИлиев, Стоян Венев
_9369036
139 _aВенев, Стоян
_bВ 46
245 1 0 _aСептемврийски нощи
_cсъстав. Величко Коларски; * Стоян Венев.
257 _aBGR
260 София
_bБълг. художник
_c1965
300 _a19 с.
_bс репрод.
_c18 см
380 _a7
490 1 _aБиблиотека Бележити творби
500 _aАвт. не е посочен на кор. - Пълното име на автора е Стоян Венев Илиев.
600 1 4 _aВенев, Стоян
_9305804
650 4 _aХудожници, български
_9246650
653 _aбългарски художници
653 _aСтоян Венев
852 _aЦб І 7342
856 4 _qpdf
_u
856 4 _qpdf
_u
942 _cKNG
_n0
944 _aCR
_c20.01.2011
_lдобави в АБ / 19.01.2011
_kИрена_Линкова
944 _aED
_c07.08.2015
_lдобави в АБ / 19.01.2011
_k
999 _c94172
_d94172